| 000 | 01299 a2200361 4500 | ||
|---|---|---|---|
| 999 |
_c200001264 _d639 |
||
| 001 | 200001264 | ||
| 003 | TR-AnTOB | ||
| 005 | 20240920073831.0 | ||
| 008 | 100711s2008 tu 000 0 | ||
| 020 | _a9789944883047 | ||
| 040 |
_aBGZ _cBGZ _dTR-AnTOB |
||
| 041 | _atur | ||
| 049 | _aBGZA | ||
| 050 | 1 | 4 | _aHB161 |
| 090 | _aHB161 .R48519 2008 | ||
| 100 | 1 |
_aRicardo, David, _d1772-1823 _922861 |
|
| 245 | 1 | 0 |
_aSiyasal iktisadın ve vergilendirmenin ilkeleri / _cDavid Ricardo ; İngilizce aslından çeviren Barış Zeren. |
| 264 | 1 |
_aİstanbul : _bTürkiye İş Bankası Kültür Yayınları, _c2008. |
|
| 300 |
_axxv, 385 p. ; _c21 cm. |
||
| 336 |
_2rdacontent _atext _btxt |
||
| 337 |
_2rdamedia _aunmediated _bn |
||
| 338 |
_2rdacarrier _avolume _bnc |
||
| 490 | 0 |
_aTürkiye İş Bankası Kültür Yayınları ; _v1422 _aHasan Ali Yücel Klasikler dizisi ; _v77 |
|
| 500 | _aTranslation of: Principles of political economy and taxation. | ||
| 650 | 7 |
_aVergilendirme _xHukuk ve mevzuat _zTürkiye _2 _937 |
|
| 650 | 0 |
_aTaxation _xLaw and legislation _zTurkey _919739 |
|
| 650 | 7 |
_aEkonomi _xTarih _2 _980031 |
|
| 650 |
_aEconomics _vPeriodicals _969400 |
||
| 700 | 1 |
_aZeren, Barış _969550 |
|
| 730 | 0 | 2 |
_aPrinciples of political economy and taxation. _lTurkish |
| 942 |
_cBK _2lcc |
||